[Event "Stay Safe Play From Home 289"]
[Site "Emanuel Lasker Arena"]
[Date "2020.07.09"]
[Round "6"]
[White "Haris kollari 13"]
[Black "Trotsky"]
[Result "1-0"]
[WhiteElo "1744"]
[BlackElo "1596"]
[Annotator "NA"]
[PlyCount "67"]
[EventDate "2020.07.09"]
[EventType "swiss (blitz)"]

1. e4 {[%emt 0:00:02]} c5 {[%emt 0:00:01]} 2. f4 {[%emt 0:00:01]} e6 {[%emt 0:00:00]} 3. Nf3 {[%emt 0:00:01]} d5 {[%emt 0:00:00]} 4. e5 {[%emt 0:00:00]} Nc6 {[%emt 0:00:01]} 5. c3 {[%emt 0:00:01]} Qc7 {[%emt 0:00:00]} 6. d4 {[%emt 0:00:01]} Bd7 {[%emt 0:00:00]} 7. Bd3 {[%emt 0:00:01]} O-O-O {[%emt 0:00:01]} 8. Qe2 {[%emt 0:00:01]} c4 {[%emt 0:00:00]} 9. Bc2 {[%emt 0:00:01]} f6 {[%emt 0:00:00]} 10. Be3 {[%emt 0:00:01]} fxe5 {[%emt 0:00:01]} 11. fxe5 {[%emt 0:00:01]} h5 {[%emt 0:00:03]} 12. b3 {[%emt 0:00:01]} Nh6 {[%emt 0:00:01]} 13. h3 {[%emt 0:00:01]} Be7 {[%emt 0:00:02]} 14. Nbd2 {[%emt 0:00:01]} Ng4 {[%emt 0:00:01]} 15. hxg4 {[%emt 0:00:01]} hxg4 {[%emt 0:00:01]} 16. Rxh8 {[%emt 0:00:01]} gxf3 {[%emt 0:00:03]} 17. Rxd8+ {[%emt 0:00:02]} Qxd8 {[%emt 0:00:03]} 18. gxf3 {[%emt 0:00:01]} Bg5 {[%emt 0:00:03]} 19. bxc4 {[%emt 0:00:04]} Bxe3 {[%emt 0:00:04]} 20. Qxe3 {[%emt 0:00:01]} Qh4+ {[%emt 0:00:03]} 21. Qf2 {[%emt 0:00:02]} Qh1+ {[%emt 0:00:03]} 22. Qf1 {[%emt 0:00:02]} Qh4+ {[%emt 0:00:02]} 23. Qf2 {[%emt 0:00:01]} Qh1+ {[%emt 0:00:01]} 24. Nf1 {[%emt 0:00:00]} Kc7 {[%emt 0:00:04]} 25. O-O-O {[%emt 0:00:01]} Kb6 {[%emt 0:00:02]} 26. cxd5 {[%emt 0:00:01]} Na5 {[%emt 0:00:02]} 27. dxe6 {[%emt 0:00:03]} Bxe6 {[%emt 0:00:01]} 28. d5+ {[%emt 0:00:01]} Ka6 {[%emt 0:00:09]} 29. Bd3+ {[%emt 0:00:02]} b5 {[%emt 0:00:01]} 30. dxe6 {[%emt 0:00:01]} Qh6+ {[%emt 0:00:04]} 31. Kb2 {[%emt 0:00:03]} Qxe6 {[%emt 0:00:01]} 32. Qd4 {[%emt 0:00:02]} Nc4+ {[%emt 0:00:01]} 33. Bxc4 {[%emt 0:00:01]} bxc4 {[%emt 0:00:01]} 34. Qd6+ {[%emt 0:00:01] . Âðåìÿ (Lag: Av=0.29s, max=0.5s)} 1-0

[Event "Stay Safe Play From Home 289"]
[Site "Emanuel Lasker Arena"]
[Date "2020.07.09"]
[Round "6"]
[White "Mandy"]
[Black "Bardellosport"]
[Result "0-1"]
[WhiteElo "900"]
[BlackElo "1940"]
[Annotator "TA"]
[PlyCount "38"]
[EventDate "2020.07.09"]
[EventType "swiss (blitz)"]

{[%evp 9,38,42,50,51,56,21,18,24,34,8,24,23,60,18,18,-20,-26,-21,-22,-98,-45,-181,-155,-362,-365,-493,-379,-355,-81,-300,-307]} 1. d4 d5 2. Bf4 c6 3. e3 e6 4. Nf3 f5 5. h3 Nf6 6. Bd3 {D02: 1 d4 d5 2 Nf3 sidelines, including 2...Nf6 3 g3 and 2...Nf6 3 Bf4.} Bd6 7. Ne5 O-O 8. O-O {The position is equal.} Qe7 {[#]} 9. c3 $146 (9. Nd2 {feels hotter.} c5 10. c4 b6 11. cxd5 exd5 12. Bc2) ({Predecessor:} 9. Nd2 Nbd7 10. Bh2 g5 11. f4 h6 12. Ng6 Qf7 13. Nxf8 Qxf8 14. c3 b6 15. Nf3 {0-1 (60) Tran,N-Le Khanh Phuong,M Hue 2009}) 9... Bxe5 10. Bxe5 Ne4 11. Bxb8 (11. c4 {keeps more tension.} Nd7 12. Bh2 b6 13. f3 Nd6 14. cxd5 exd5 15. Re1) 11... Rxb8 12. Bxe4 fxe4 13. Nd2 e5 14. c4 (14. Qe2 $11) 14... Be6 ({Black should try} 14... Qg5 $17 {Hoping for ...Bxh3.} 15. Kh1 exd4 16. exd4 Qh6) 15. b3 (15. cxd5 $15 Bxd5 16. dxe5) 15... exd4 $19 16. Re1 $2 {[#]} (16. exd4 $17 {was worth a try.} Qg5 17. Kh1) 16... d3 {Strongly threatening ...Qh4.} (16... dxe3 $2 17. Rxe3 b5 18. cxd5 $17) 17. f3 exf3 18. Nxf3 Qf6 $2 (18... dxc4 $19 {And now ...b5 would win.} 19. bxc4 Rbd8) 19. Nd4 $2 (19. cxd5 $17 Bxh3 20. gxh3) 19... dxc4 {Accuracy: White = 17%, Black = 56%.} 0-1

[Event "Stay Safe Play From Home 289"]
[Site "Emanuel Lasker Arena"]
[Date "2020.07.09"]
[Round "7"]
[White "Mepe_Nika"]
[Black "Bardellosport"]
[Result "1/2-1/2"]
[WhiteElo "2360"]
[BlackElo "1940"]
[Annotator "TA"]
[PlyCount "94"]
[EventDate "2020.07.09"]
[EventType "swiss (blitz)"]

{[%evp 12,94,75,58,70,81,68,41,41,35,108,57,93,85,84,61,54,48,48,48,46,45,60,46,61,44,70,46,46,49,79,79,275,79,79,58,79,48,87,73,75,60,82,10,98,10,10,11,26,26,26,0,26,0,0,0,0,0,0,0,0,0,0,0,0,0,29971,0,0,0,0,0,0,0,0,0,0,0,0,0,0,0,0,0,0]} 1. d4 d5 2. Bf4 c6 3. e3 e6 4. c4 f5 5. Nc3 Nf6 6. Nf3 Bd6 7. Qc2 Qe7 {[#] A84: Dutch Defence: 2 c4 Miscellaneous.} 8. Bxd6 $146 ({Predecessor:} 8. Bd3 Ne4 9. cxd5 exd5 10. Nxd5 Qe6 11. Bxd6 Qxd5 12. Ba3 Be6 13. O-O Nd7 14. b3 Qa5 15. Bxe4 fxe4 16. Qxe4 Qxa3 17. Qxe6+ {1-0 (39) Damaceno,M (2085)-Bonvini,A (1638) Sao Paulo 2019}) 8... Qxd6 9. Ne5 Qe7 {White is slightly better.} 10. Bd3 Ne4 ({Black should try} 10... Nbd7 $14) 11. O-O (11. cxd5 $16 Nxc3 12. d6 (12. bxc3 cxd5 13. c4 Nd7 $16) (12. Qxc3 exd5 13. Nf3 O-O $14) 12... Qxd6 13. Qxc3 (13. bxc3 Nd7 $16)) 11... Nxc3 12. Qxc3 O-O 13. c5 (13. Nf3 {looks sharper.} Nd7 14. g3 dxc4 15. Bxc4 b6 16. Qa3) 13... Nd7 14. f4 Nxe5 15. fxe5 Bd7 16. b4 a6 17. a4 Rf7 18. Qb3 Kh8 19. b5 axb5 20. axb5 Rxa1 21. Rxa1 g5 $2 (21... Rf8 $16) 22. bxc6 $2 (22. Ra7 $18 {is the precise move to win.} Be8 23. b6) 22... Bxc6 $16 23. Qb6 Kg7 24. Ra8 Qc7 25. Qxc7 Rxc7 {[%mdl 4096] Endgame KRB-KRB} 26. g3 Rf7 27. Rd8 (27. Ra7 $16) 27... Rd7 (27... g4 $11) 28. Rxd7+ (28. Re8 $16) 28... Bxd7 {KB-KB} 29. Kf2 Bc6 30. Kg2 Kg6 31. Kf2 h5 32. h4 g4 33. Ke2 Kf7 34. Kd2 {[#] Black must now prevent Kc3.} Ke7 35. Kc3 Kd7 36. Kb4 Kc7 $1 37. Ka5 Bd7 38. Be2 Bc6 $2 {[%mdl 8192] [#]} (38... Be8 $11) 39. Bd3 $2 (39. Bb5 $1 {mates} Kd7 40. Kb6 Bxb5 41. Kxb5 Kd8 42. Ka5 Kd7 43. Kb5 Kc7 44. Kb4 Kc8 45. Kc3 Kc7 46. Kb4) 39... Bd7 {The position is equal.} 40. Bb5 Bc6 $1 41. Bxc6 Kxc6 $11 {KP-KP} 42. Kb4 {Hoping for Ka5.} b6 $1 {[%cal Rb6c5]} 43. cxb6 Kxb6 44. Ka4 Ka6 45. Kb4 {And now Kc5 would win.} Kb6 46. Ka4 Ka6 47. Kb4 {aiming for Kc5.} Kb6 {Accuracy: White = 67%, Black = 67%.} 1/2-1/2

[Event "Stay Safe Play From Home 289"]
[Site "Emanuel Lasker Arena"]
[Date "2020.07.09"]
[Round "7"]
[White "SoulofWolf"]
[Black "Mandy"]
[Result "1-0"]
[WhiteElo "2269"]
[BlackElo "900"]
[Annotator "TA"]
[PlyCount "25"]
[EventDate "2020.07.09"]
[EventType "swiss (blitz)"]

{[%evp 9,25,31,29,18,36,23,132,80,246,91,279,227,225,33,306,178,594,458]} 1. c4 c6 2. d4 Nf6 3. Nf3 g6 4. Nc3 e6 {[#]} 5. h4 $146 ({Predecessor:} 5. e4 d6 6. Bd3 Bg7 7. O-O Nbd7 8. Bf4 Qc7 9. c5 e5 10. cxd6 Qa5 11. Nxe5 Nh5 {1-0 (21) Schneider,A (2058)-Schiessl,H (1764) Dresden 2016}) 5... d5 6. Ne5 {A50: Queen's Fianchetto Defence (1 d4 Nf6 2 c4 b6).} dxc4 7. Nxc4 Nd5 (7... c5 $11) 8. e4 (8. h5 $142) 8... Ne7 $2 {[#]} (8... Nxc3 $16 {was called for.} 9. bxc3 Nd7) 9. f3 $2 (9. Bf4 $18 {is more deadly.} Ng8 10. Be2) 9... f5 $2 (9... b5 $16) 10. Bg5 Bg7 11. Qb3 $2 (11. h5 $18) 11... b6 $2 {[%mdl 8192]} (11... b5 $14) 12. O-O-O (12. e5 $142) 12... Ba6 $2 {[#]} (12... h6) 13. Ne5 {Accuracy: White = 24%, Black = 10%.} 1-0

[Event "Stay Safe Play From Home 289"]
[Site "Emanuel Lasker Arena"]
[Date "2020.07.09"]
[Round "7"]
[White "Lamborghini"]
[Black "Haris kollari 13"]
[Result "1-0"]
[WhiteElo "2209"]
[BlackElo "1754"]
[Annotator "NA"]
[PlyCount "89"]
[EventDate "2020.07.09"]
[EventType "swiss (blitz)"]

1. e4 {[%emt 0:00:02]} e6 {[%emt 0:00:00]} 2. d4 {[%emt 0:00:01]} d5 {[%emt 0:00:00]} 3. Nc3 {[%emt 0:00:01]} Nf6 {[%emt 0:00:01]} 4. Bg5 {[%emt 0:00:02]} Be7 {[%emt 0:00:01]} 5. e5 {[%emt 0:00:01]} Nfd7 {[%emt 0:00:01]} 6. Bxe7 {[%emt 0:00:00]} Qxe7 {[%emt 0:00:01]} 7. f4 {[%emt 0:00:01]} a6 {[%emt 0:00:01]} 8. Nf3 {[%emt 0:00:00]} c5 {[%emt 0:00:00]} 9. Qd2 {[%emt 0:00:00]} Nc6 {[%emt 0:00:01]} 10. dxc5 {[%emt 0:00:01]} Qxc5 {[%emt 0:00:02]} 11. Qf2 {[%emt 0:00:01]} Qb4 {[%emt 0:00:02]} 12. O-O-O {[%emt 0:00:02]} Qxf4+ {[%emt 0:00:01]} 13. Kb1 {[%emt 0:00:03]} Ncxe5 {[%emt 0:00:01]} 14. Be2 {[%emt 0:00:02]} Nxf3 {[%emt 0:00:01]} 15. Bxf3 {[%emt 0:00:01]} O-O {[%emt 0:00:01]} 16. Rhe1 {[%emt 0:00:01]} Ne5 {[%emt 0:00:01]} 17. Qe2 {[%emt 0:00:01]} Nxf3 {[%emt 0:00:01]} 18. gxf3 {[%emt 0:00:00]} Bd7 {[%emt 0:00:02]} 19. Rg1 {[%emt 0:00:01]} Bc6 {[%emt 0:00:03]} 20. Rg4 {[%emt 0:00:01]} Qf6 {[%emt 0:00:02]} 21. Rdg1 {[%emt 0:00:01]} g6 {[%emt 0:00:01]} 22. h4 {[%emt 0:00:02]} d4 {[%emt 0:00:01]} 23. Ne4 {[%emt 0:00:01]} Bxe4 {[%emt 0:00:01]} 24. fxe4 {[%emt 0:00:01]} h5 {[%emt 0:00:01]} 25. Rg5 {[%emt 0:00:01]} Qg7 {[%emt 0:00:06]} 26. Rxh5 {[%emt 0:00:02]} gxh5 {[%emt 0:00:01]} 27. Rxg7+ {[%emt 0:00:02]} Kxg7 {[%emt 0:00:01]} 28. Qxh5 {[%emt 0:00:00]} f6 {[%emt 0:00:00]} 29. Qg4+ {[%emt 0:00:05]} Kf7 {[%emt 0:00:02]} 30. Qh5+ {[%emt 0:00:01]} Ke7 {[%emt 0:00:01]} 31. Qc5+ {[%emt 0:00:01]} Kf7 {[%emt 0:00:02]} 32. Qc7+ {[%emt 0:00:01]} Kg6 {[%emt 0:00:02]} 33. Qg3+ {[%emt 0:00:02]} Kf7 {[%emt 0:00:01]} 34. h5 {[%emt 0:00:01]} Rac8 {[%emt 0:00:02]} 35. Qg6+ {[%emt 0:00:01]} Ke7 {[%emt 0:00:01]} 36. e5 {[%emt 0:00:02]} fxe5 {[%emt 0:00:02]} 37. Qg7+ {[%emt 0:00:01]} Kd6 {[%emt 0:00:02]} 38. a3 {[%emt 0:00:02]} Rg8 {[%emt 0:00:02]} 39. Qf7 {[%emt 0:00:01]} Rcf8 {[%emt 0:00:02]} 40. Qxb7 {[%emt 0:00:01]} Rh8 {[%emt 0:00:03]} 41. Ka2 {[%emt 0:00:01]} Rxh5 {[%emt 0:00:02]} 42. Qxa6+ {[%emt 0:00:00]} Kd5 {[%emt 0:00:02]} 43. Qb7+ {[%emt 0:00:01]} Kd6 {[%emt 0:00:01]} 44. Qb6+ {[%emt 0:00:01]} Kd5 {[%emt 0:00:01]} 45. Qb4 {[%emt 0:00:01] Time (Lag: Av=0.36s, max=0.5s)} 1-0

[Event "Stay Safe Play From Home 289"]
[Site "Emanuel Lasker Arena"]
[Date "2020.07.09"]
[Round "7"]
[White "Fischer_11"]
[Black "Eidgenosse"]
[Result "0-1"]
[WhiteElo "2036"]
[BlackElo "2434"]
[Annotator "NA"]
[PlyCount "86"]
[EventDate "2020.07.09"]
[EventType "swiss (blitz)"]

1. e4 {[%emt 0:00:02]} d6 {[%emt 0:00:00]} 2. d4 {[%emt 0:00:01]} Nf6 {[%emt 0:00:00]} 3. Nc3 {[%emt 0:00:02]} Nbd7 {[%emt 0:00:00]} 4. Bg5 {[%emt 0:00:00]} e5 {[%emt 0:00:00]} 5. dxe5 {[%emt 0:00:00]} dxe5 {[%emt 0:00:01]} 6. f4 {[%emt 0:00:00]} Be7 {[%emt 0:00:01]} 7. fxe5 {[%emt 0:00:02]} Nxe5 {[%emt 0:00:00]} 8. Qxd8+ {[%emt 0:00:01]} Bxd8 {[%emt 0:00:00]} 9. O-O-O {[%emt 0:00:01]} c6 {[%emt 0:00:02]} 10. Nf3 {[%emt 0:00:00]} Nxf3 {[%emt 0:00:05]} 11. gxf3 {[%emt 0:00:00]} O-O {[%emt 0:00:01]} 12. e5 {[%emt 0:00:01]} h6 {[%emt 0:00:00]} 13. Bh4 {[%emt 0:00:03]} g5 {[%emt 0:00:01]} 14. exf6 {[%emt 0:00:01]} gxh4 {[%emt 0:00:01]} 15. Rg1+ {[%emt 0:00:03]} Kh8 {[%emt 0:00:01]} 16. Ne4 {[%emt 0:00:02]} Bf5 {[%emt 0:00:01]} 17. Bd3 {[%emt 0:00:05]} Bxe4 {[%emt 0:00:02]} 18. Bxe4 {[%emt 0:00:00]} Bxf6 {[%emt 0:00:01]} 19. Rd7 {[%emt 0:00:01]} Bg5+ {[%emt 0:00:00]} 20. Kb1 {[%emt 0:00:03]} Rad8 {[%emt 0:00:01]} 21. Rgd1 {[%emt 0:00:02]} a5 {[%emt 0:00:04]} 22. b3 {[%emt 0:00:02]} Kg7 {[%emt 0:00:01]} 23. a4 {[%emt 0:00:01]} Rxd7 {[%emt 0:00:03]} 24. Rxd7 {[%emt 0:00:01]} Rd8 {[%emt 0:00:00]} 25. Rxd8 {[%emt 0:00:04]} Bxd8 {[%emt 0:00:01]} 26. h3 {[%emt 0:00:01]} Kf6 {[%emt 0:00:01]} 27. c3 {[%emt 0:00:09]} Ke5 {[%emt 0:00:01]} 28. Kc2 {[%emt 0:00:01]} f5 {[%emt 0:00:01]} 29. Bd3 {[%emt 0:00:01]} Kf4 {[%emt 0:00:01]} 30. b4 {[%emt 0:00:01]} Bc7 {[%emt 0:00:03]} 31. Kb3 {[%emt 0:00:02]} Bd6 {[%emt 0:00:02]} 32. Kc4 {[%emt 0:00:01]} axb4 {[%emt 0:00:02]} 33. cxb4 {[%emt 0:00:00]} b6 {[%emt 0:00:00]} 34. a5 {[%emt 0:00:02]} b5+ {[%emt 0:00:02]} 35. Kd4 {[%emt 0:00:01]} Kxf3 {[%emt 0:00:04]} 36. Bxf5 {[%emt 0:00:01]} Kf4 {[%emt 0:00:00]} 37. Be4 {[%emt 0:00:01]} Bxb4 {[%emt 0:00:05]} 38. Bxc6 {[%emt 0:00:00]} Bxa5 {[%emt 0:00:01]} 39. Bxb5 {[%emt 0:00:00]} Bb6+ {[%emt 0:00:00]} 40. Kd3 {[%emt 0:00:01]} Ke5 {[%emt 0:00:01]} 41. Bd7 {[%emt 0:00:01]} Kd6 {[%emt 0:00:00]} 42. Bg4 {[%emt 0:00:00]} Ke5 {[%emt 0:00:00]} 43. Ke2 {[%emt 0:00:01]} Kf4 {[%emt 0:00:00] Zeit (Lag: Av=0.29s, max=0.4s)} 0-1

[Event "Stay Safe Play From Home 289"]
[Site "Emanuel Lasker Arena"]
[Date "2020.07.09"]
[Round "7"]
[White "Trotsky"]
[Black "AChessPlayer"]
[Result "0-1"]
[WhiteElo "1586"]
[BlackElo "2400"]
[Annotator "TA"]
[PlyCount "62"]
[EventDate "2020.07.09"]
[EventType "swiss (blitz)"]

{[%evp 9,62,55,56,29,33,24,34,23,26,14,0,-62,-56,-234,-237,-249,-250,-235,-130,-228,-221,-230,-210,-259,-243,-358,-361,-1361,-1346,-1343,-1343,-1324,-1287,-1618,-1487,-1862,-1841,-1837,-1569,-1995,-1933,-2805,-2810,-3239,-3067,-2949,-2941,-3000,-2534,-6319,-3195,-29990,-2852,-29990,-29991]} 1. d4 c6 2. e3 d5 3. c4 Nf6 4. Nc3 dxc4 5. Bxc4 e6 6. Qc2 {D10: Slav Defence: 3 cxd5 (without early Nf3) and 3 Nc3.} b5 7. Bd3 a6 8. Nf3 {White is slightly better.} Bb7 9. Bd2 Nbd7 10. e4 (10. Ne4 $11) 10... c5 $15 11. h4 $2 (11. Be3 $15) 11... cxd4 $19 12. Ne2 Rc8 13. Qb1 e5 (13... Nc5 $19 {[%cal Rf6e4]} 14. Bg5 h6 15. Bxf6 gxf6) 14. Ng5 (14. b4 $17 {keeps fighting.}) 14... h6 15. Nf3 Be7 16. Nh2 Bd6 17. g3 (17. O-O $142) 17... Nc5 18. f4 $2 (18. f3) 18... Nxd3+ 19. Qxd3 Bxe4 {[%mdl 64] [#] Double Attack} 20. Qb3 Bxh1 21. g4 Bd5 22. Qd1 d3 {aiming for ...Nxg4.} 23. Nc3 e4 24. Nxd5 Nxd5 25. g5 hxg5 26. fxg5 Bxh2 27. Qg4 Bd6 28. Rd1 Rc7 29. h5 Re7 30. Kf2 f5 (30... e3+ $142 31. Bxe3 Nxe3 32. Qg1 Nxd1+ 33. Qxd1 Qc8 34. Kg2 {[#]} Rxh5 $1 {[%mdl 576] Deflection} 35. Qxh5 Qc2+ {[%mdl 64] Double Attack} 36. Qe2 Qxe2+ 37. Kh3 Qf3+ 38. Kh4 Re4#) 31. Qh4 Qb6+ {Black took control after the opening. Accuracy: White = 23%, Black = 85%.} 0-1

[Event "Stay Safe Play From Home 289"]
[Site "Emanuel Lasker Arena"]
[Date "2020.07.09"]
[Round "8"]
[White "Eidgenosse"]
[Black "Trotsky"]
[Result "1-0"]
[WhiteElo "2438"]
[BlackElo "1585"]
[Annotator "TA"]
[PlyCount "55"]
[EventDate "2020.07.09"]
[EventType "swiss (blitz)"]

{[%evp 11,55,6,6,-56,0,-22,60,-97,110,56,285,281,314,298,289,286,318,299,301,293,381,189,278,-248,270,199,168,58,68,-9,272,191,678,148,1022,1009,1510,1412,1747,1769,2011,1697,2336,1804,2157,1763]} 1. Nf3 d5 2. e3 e6 3. c4 c5 4. Nc3 Nc6 5. d4 a6 6. a3 Nf6 7. Bd2 {D40: Queen's Gambit Declined: Semi-Tarrasch with 5 e3.} (7. dxc5 $11 Bxc5 8. b4) 7... Bd6 {[#]} (7... cxd4 $15 8. exd4 dxc4) 8. Bd3 $146 ({Predecessor:} 8. Rc1 Qe7 9. dxc5 Bxc5 10. Na4 Ba7 11. c5 Nd7 12. b4 O-O 13. Bd3 Nce5 14. Bb1 Nc4 {1-0 (34) Starcevic,B (1757)-Jenisch,A (1934) Schwaebisch Gmuend 2016}) 8... Qc7 (8... dxc4 $11 9. Bxc4 b5) 9. O-O $2 (9. dxc5 $14 {keeps the upper hand.} Bxc5 10. cxd5 exd5 11. O-O) 9... Ng4 $2 (9... cxd4 $17 {keeps the pressure on. aiming for ...dxc4.} 10. exd4 dxc4) 10. h3 ({White should play} 10. cxd5 $16 Bxh2+ 11. Kh1 exd5 12. Nxd5) 10... h5 $2 (10... cxd4 $14 11. hxg4 (11. exd4 dxc4 12. Bxc4 Nh2 $11) 11... dxc4 12. Bxc4 dxc3 13. Bxc3 O-O) 11. cxd5 $18 Ne7 12. dxc5 (12. hxg4 $6 hxg4 13. Ne5 Bxe5 $18) 12... Bh2+ 13. Kh1 exd5 14. e4 (14. hxg4 hxg4 15. Re1 (15. Qa4+ $2 Kf8 $19) 15... gxf3 $17) (14. g3 $6 Bxg3 15. fxg3 Qxg3 $18) 14... Be6 15. Bg5 {Hoping for Bxe7.} f6 16. Be3 (16. hxg4 $2 hxg4 17. Qa4+ Kf8 $19) (16. Nxd5 $142 Bxd5 17. exd5) 16... O-O-O (16... dxe4 {was necessary.} 17. Bxe4 (17. Nxe4 Bd5 $16) 17... Nxe3 18. fxe3 Bg3) 17. Na4 $4 {[%mdl 8192]} (17. c6 $1 $18 {is the narrow road to win.}) 17... d4 $4 {[%mdl 8192]} (17... dxe4 $1 $19 {avoids the disaster.} 18. Nd4 Bg1 $1 {[%mdl 512]} 19. Nb6+ Kb8 $1 {[%mdl 512]}) 18. Nb6+ (18. hxg4 $2 hxg4 19. Bh6 (19. Nb6+ $2 Kb8 $19) 19... Rxh6 $19) (18. Bxd4 Nc6 $16) (18. Nxd4 $6 Bf7 $16) 18... Kb8 {[#]} 19. Nxd4 ({Don't go for} 19. hxg4 $2 hxg4 20. Bh6 gxf3 $19) (19. Bd2 $1 $18) 19... Bg1 $14 {[%csl Gg1,Gg4][%cal Rc7h2]} 20. Nf3 (20. f4 $14 Nxe3 21. Nxe6 Nxd1 22. Nxc7 Bxc5 23. Raxd1 (23. Rfxd1 Kxc7 24. Na4 Be3 $11) 23... Kxc7 24. Na4) 20... g5 $2 {[%mdl 8192]} (20... Bxf2 $11 {and Black is okay.} 21. Bxf2 Nxf2+ 22. Rxf2 Qxc5) 21. Kxg1 ({And not} 21. hxg4 hxg4+ 22. Kxg1 gxf3 $11) 21... f5 $2 (21... Nxe3 22. fxe3 Qxc5) 22. e5 $2 (22. Qc2 $18 {is more deadly.} Nxe3 23. fxe3) 22... Nd5 $2 {[%mdl 8192]} (22... Nxe3 $16 23. fxe3 Qxc5) 23. Bxg5 $18 {White is clearly winning.} Nf4 24. Bxf4 Rdg8 25. b4 Rh7 26. Bc4 Rhg7 27. g3 h4 28. Nxh4 {Accuracy: White = 24%, Black = 15%.} 1-0

[Event "Stay Safe Play From Home 289"]
[Site "Emanuel Lasker Arena"]
[Date "2020.07.09"]
[Round "8"]
[White "AChessPlayer"]
[Black "Fischer_11"]
[Result "1-0"]
[WhiteElo "2401"]
[BlackElo "2033"]
[Annotator "NA"]
[PlyCount "59"]
[EventDate "2020.07.09"]
[EventType "swiss (blitz)"]

1. Nf3 {[%emt 0:00:01]} Nf6 {[%emt 0:00:01]} 2. g3 {[%emt 0:00:00]} e6 {[%emt 0:00:00]} 3. Bg2 {[%emt 0:00:00]} d5 {[%emt 0:00:00]} 4. O-O {[%emt 0:00:00]} Be7 {[%emt 0:00:00]} 5. d3 {[%emt 0:00:00]} O-O {[%emt 0:00:00]} 6. b3 {[%emt 0:00:00]} c6 {[%emt 0:00:00]} 7. Bb2 {[%emt 0:00:00]} Nbd7 {[%emt 0:00:01]} 8. c4 {[%emt 0:00:01]} b6 {[%emt 0:00:01]} 9. Nbd2 {[%emt 0:00:00]} Bb7 {[%emt 0:00:00]} 10. Qc2 {[%emt 0:00:00]} dxc4 {[%emt 0:00:00]} 11. e4 {[%emt 0:00:00]} cxd3 {[%emt 0:00:01]} 12. Qxd3 {[%emt 0:00:00]} Nc5 {[%emt 0:00:01]} 13. Qc2 {[%emt 0:00:00]} Qd3 {[%emt 0:00:02]} 14. Qc1 {[%emt 0:00:02]} Ncxe4 {[%emt 0:00:03]} 15. Nxe4 {[%emt 0:00:01]} Qxe4 {[%emt 0:00:03]} 16. Ne5 {[%emt 0:00:01]} Qf5 {[%emt 0:00:03]} 17. h3 {[%emt 0:00:03]} Rac8 {[%emt 0:00:03]} 18. g4 {[%emt 0:00:00]} Qxe5 {[%emt 0:00:11]} 19. Bxe5 {[%emt 0:00:01]} Nd7 {[%emt 0:00:01]} 20. Bc3 {[%emt 0:00:01]} Rfd8 {[%emt 0:00:01]} 21. Qb2 {[%emt 0:00:00]} f6 {[%emt 0:00:02]} 22. Rad1 {[%emt 0:00:00]} Nc5 {[%emt 0:00:02]} 23. b4 {[%emt 0:00:01]} Nd3 {[%emt 0:00:02]} 24. Qe2 {[%emt 0:00:00]} Nxb4 {[%emt 0:00:01]} 25. Qxe6+ {[%emt 0:00:00]} Kf8 {[%emt 0:00:01]} 26. Rfe1 {[%emt 0:00:01]} Re8 {[%emt 0:00:04]} 27. Rd7 {[%emt 0:00:06]} Nd5 {[%emt 0:00:03]} 28. Bxd5 {[%emt 0:00:01]} cxd5 {[%emt 0:00:01]} 29. Rxe7 {[%emt 0:00:00]} Red8 {[%emt 0:00:03]} 30. Qf7# {[%emt 0:00:02] (Lag: Av=0.43s, max=1.3s)} 1-0

[Event "Stay Safe Play From Home 289"]
[Site "Emanuel Lasker Arena"]
[Date "2020.07.09"]
[Round "8"]
[White "Mepe_Nika"]
[Black "Haris kollari 13"]
[Result "1-0"]
[WhiteElo "2346"]
[BlackElo "1752"]
[Annotator "NA"]
[PlyCount "89"]
[EventDate "2020.07.09"]
[EventType "swiss (blitz)"]

1. d4 {[%emt 0:00:01]} e6 {[%emt 0:00:00]} 2. Bf4 {[%emt 0:00:01]} d5 {[%emt 0:00:00]} 3. e3 {[%emt 0:00:00]} c5 {[%emt 0:00:01]} 4. c3 {[%emt 0:00:01]} Nc6 {[%emt 0:00:00]} 5. Nd2 {[%emt 0:00:00]} f5 {[%emt 0:00:01]} 6. Ngf3 {[%emt 0:00:01]} Nf6 {[%emt 0:00:00]} 7. Bb5 {[%emt 0:00:01]} Bd7 {[%emt 0:00:02]} 8. Bxc6 {[%emt 0:00:01]} bxc6 {[%emt 0:00:01]} 9. O-O {[%emt 0:00:00]} c4 {[%emt 0:00:01]} 10. Ne5 {[%emt 0:00:00]} Bd6 {[%emt 0:00:02]} 11. b3 {[%emt 0:00:01]} Bxe5 {[%emt 0:00:02]} 12. Bxe5 {[%emt 0:00:01]} cxb3 {[%emt 0:00:01]} 13. axb3 {[%emt 0:00:00]} O-O {[%emt 0:00:01]} 14. c4 {[%emt 0:00:00]} a5 {[%emt 0:00:02]} 15. Qc2 {[%emt 0:00:02]} Qb6 {[%emt 0:00:03]} 16. Rfb1 {[%emt 0:00:04]} Rfb8 {[%emt 0:00:02]} 17. Bxf6 {[%emt 0:00:01]} gxf6 {[%emt 0:00:01]} 18. cxd5 {[%emt 0:00:01]} cxd5 {[%emt 0:00:01]} 19. Rc1 {[%emt 0:00:01]} Bb5 {[%emt 0:00:02]} 20. Qc7 {[%emt 0:00:02]} Bd3 {[%emt 0:00:04]} 21. h4 {[%emt 0:00:03]} Qxc7 {[%emt 0:00:01]} 22. Rxc7 {[%emt 0:00:01]} Rc8 {[%emt 0:00:02]} 23. Rc5 {[%emt 0:00:05]} Rxc5 {[%emt 0:00:01]} 24. dxc5 {[%emt 0:00:00]} Rc8 {[%emt 0:00:01]} 25. Rxa5 {[%emt 0:00:01]} Kf7 {[%emt 0:00:03]} 26. b4 {[%emt 0:00:01]} Ke7 {[%emt 0:00:01]} 27. Ra7+ {[%emt 0:00:01]} Ke8 {[%emt 0:00:02]} 28. Rxh7 {[%emt 0:00:01]} Kd8 {[%emt 0:00:02]} 29. Rh8+ {[%emt 0:00:01]} Kc7 {[%emt 0:00:01]} 30. Rxc8+ {[%emt 0:00:00]} Kxc8 {[%emt 0:00:00]} 31. h5 {[%emt 0:00:01]} f4 {[%emt 0:00:01]} 32. exf4 {[%emt 0:00:01]} Kc7 {[%emt 0:00:01]} 33. g4 {[%emt 0:00:01]} Kc6 {[%emt 0:00:01]} 34. g5 {[%emt 0:00:00]} fxg5 {[%emt 0:00:01]} 35. fxg5 {[%emt 0:00:00]} Kb5 {[%emt 0:00:01]} 36. g6 {[%emt 0:00:01]} Kxb4 {[%emt 0:00:02]} 37. c6 {[%emt 0:00:00]} Kc3 {[%emt 0:00:01]} 38. c7 {[%emt 0:00:00]} Kxd2 {[%emt 0:00:00]} 39. c8=Q {[%emt 0:00:00]} Ke1 {[%emt 0:00:00]} 40. Qxe6+ {[%emt 0:00:01]} Be4 {[%emt 0:00:02]} 41. Qxd5 {[%emt 0:00:00]} Bxd5 {[%emt 0:00:02]} 42. h6 {[%emt 0:00:00]} Be4 {[%emt 0:00:01]} 43. g7 {[%emt 0:00:01]} Bh7 {[%emt 0:00:01]} 44. Kg2 {[%emt 0:00:00]} Ke2 {[%emt 0:00:01]} 45. Kg3 {[%emt 0:00:00] Time (Lag: Av=0.43s, max=0.8s) '} 1-0